Top 50 football national teams: 2020 - Statistics

General Stats
  • This quiz has been taken 68 times
  • The average score is 40 of 50
Answer Stats
# Team % Correct
7 Argentina
100%
3 Brazil
100%
1 Belgium
98%
2 France
98%
4 England
95%
13 Germany
95%
5 Portugal
95%
6 Spain
95%
20 Sweden
94%
39 Russia
92%
15 Colombia
90%
27 Japan
89%
14 Netherlands
89%
44 Norway
89%
11 Croatia
87%
10 Italy
87%
19 Poland
87%
20 Senegal
87%
22 United States
87%
8 Uruguay
87%
41 Australia
85%
35 Morocco
85%
23 Austria
84%
49 Egypt
84%
35 Nigeria
84%
48 Scotland
84%
16 Switzerland
84%
30 Serbia
82%
32 Turkey
82%
18 Wales
82%
12 Denmark
81%
42 Ireland
81%
38 South Korea
81%
9 Mexico
79%
24 Ukraine
77%
17 Chile
76%
31 Algeria
71%
50 Cameroon
71%
40 Hungary
71%
42 Czech Republic
69%
34 Paraguay
69%
25 Peru
69%
37 Romania
69%
46 Iceland
68%
26 Tunisia
68%
29 Iran
66%
33 Slovakia
65%
28 Venezuela
56%
45 Northern Ireland
48%
47 Jamaica
24%
No matching quizzes found
Score Distribution
Percent of People with Each Score
Percentile by Number Answered
Your Score History
You have not taken this quiz